[Event "Champ FRA - Under 12"]
[Site "Europe Echecs"]
[Date "2020.07.08"]
[Round "1"]
[White "MareauNoe"]
[Black "ValentinAnasta"]
[Result "1-0"]
[WhiteElo "1071"]
[BlackElo "1360"]
[PlyCount "99"]
[EventDate "2020.??.??"]

1. e4 e5 2. Nf3 Nc6 3. Nc3 Nf6 4. h3 Bb4 5. Bc4 Bxc3 6. dxc3 Nxe4 7. Bxf7+ Kxf7
8. Qd5+ Ke8 9. Qxe4 d6 10. Bg5 Qd7 11. O-O h6 12. Bh4 Qe6 13. Rfd1 g5 14. Bg3
Rg8 15. Nh2 h5 16. f3 h4 17. Bf2 Rf8 18. Ng4 Rf4 19. Qh7 d5 20. Qh8+ Rf8 21.
Qh5+ Kd7 22. Qxg5 Rh8 23. Qg7+ Ne7 24. Qxh8 b6 25. Nxe5+ Kd6 26. Nc4+ Kc6 27.
Ne3 Bb7 28. Qd4 Rd8 29. Bxh4 Kd7 30. Bxe7 Kxe7 31. Ng4 c6 32. Qe5 Qxe5 33. Nxe5
Ke6 34. Ng4 Kd6 35. Re1 c5 36. Ne5 Re8 37. Nf7+ Kd7 38. Rxe8 Kxe8 39. Nd6+ Kd7
40. Nxb7 Kc7 41. Nd8 Kxd8 42. h4 Ke7 43. Kf2 Kf6 44. Rh1 d4 45. cxd4 cxd4 46.
h5 Ke5 47. h6 a5 48. h7 b5 49. h8=Q+ Kf4 50. Qf6# {ValentinAnasta est échec
et mat} 1-0

[Event "Champ FRA - Under 12"]
[Site "Europe Echecs"]
[Date "2020.07.08"]
[Round "1"]
[White "ChevillonManon"]
[Black "ClaverieGabrie"]
[Result "0-1"]
[WhiteElo "1356"]
[BlackElo "1069"]
[PlyCount "60"]
[EventDate "2020.??.??"]

1. e4 e6 2. d4 d5 3. Nd2 c5 4. c3 Nc6 5. Ne2 Bd7 6. e5 Nge7 7. Nf3 Qb6 8. Ng3
Ng6 9. Be2 Be7 10. O-O O-O 11. Rb1 Rac8 12. Be3 f6 13. exf6 Rxf6 14. Bg5 Rf7
15. Bxe7 Rxe7 16. dxc5 Qxc5 17. Bd3 Nf4 18. Qd2 Nxd3 19. Qxd3 Rf8 20. Ng5 g6
21. Nf3 e5 22. Qd1 e4 23. Nd4 Ne5 24. Nb3 Qd6 25. Qc2 Bf5 26. Nxf5 Rxf5 27.
Rbd1 Rd7 28. Rfe1 Ng4 29. Re2 Qxh2+ 30. Kf1 Qh1# {ChevillonManon est échec et
mat} 0-1

[Event "Champ FRA - Under 12"]
[Site "Europe Echecs"]
[Date "2020.07.08"]
[Round "1"]
[White "SemenovVera"]
[Black "GuilloudRemi"]
[Result "0-1"]
[WhiteElo "1069"]
[BlackElo "1352"]
[PlyCount "68"]
[EventDate "2020.??.??"]

1. e4 c5 2. Nf3 a6 3. Bc4 e6 4. Nc3 b5 5. Be2 Nc6 6. b3 d6 7. Bb2 Bb7 8. O-O
Be7 9. Re1 Nf6 10. Rb1 b4 11. Na4 Nxe4 12. Bxg7 Rg8 13. Bh6 Qc7 14. c3 a5 15.
cxb4 axb4 16. Nb2 Rxa2 17. Bd3 Nf6 18. Nc4 Ba6 19. Qe2 Bb7 20. Qe3 Ng4 21. Qf4
e5 22. Qg3 Nxh6 23. Qh3 Ng4 24. Bxh7 Rg7 25. Bf5 Nf6 26. Qh8+ Bf8 27. Qh6 Rxg2+
28. Kxg2 Bxh6 29. Rg1 Nd4 30. Kg3 Nxf5+ 31. Kg2 Nh4+ 32. Kg3 Nxf3 33. Rgc1 Qd7
34. Nb6 Qg4# {SemenovVera est échec et mat} 0-1

[Event "Champ FRA - Under 12"]
[Site "Europe Echecs"]
[Date "2020.07.08"]
[Round "1"]
[White "RoblinOlivier"]
[Black "DebbicheIdriss"]
[Result "1-0"]
[WhiteElo "1352"]
[BlackElo "1065"]
[PlyCount "55"]
[EventDate "2020.??.??"]

1. e4 d6 2. d4 Nf6 3. Nc3 g6 4. Be3 Bg7 5. f3 O-O 6. Qd2 Nc6 7. O-O-O a6 8. g4
b5 9. h4 h5 10. gxh5 Nxh5 11. Be2 Bd7 12. Bh6 b4 13. Nb1 a5 14. Bxg7 Kxg7 15.
Qe3 Ng3 16. Rh2 Nxe2+ 17. Nxe2 Rh8 18. Rg1 Qg8 19. Rhh1 Kf8 20. h5 Ke8 21. hxg6
Rxh1 22. gxf7+ Qxf7 23. Rxh1 e6 24. Rh8+ Ke7 25. Qg5+ Qf6 26. Rh7+ Ke8 27. Qxf6
Ne7 28. Qxe7# {DebbicheIdriss est échec et mat} 1-0

[Event "Champ FRA - Under 12"]
[Site "Europe Echecs"]
[Date "2020.07.08"]
[Round "1"]
[White "CavillotDelest"]
[Black "FolioPierre"]
[Result "0-1"]
[WhiteElo "1063"]
[BlackElo "1349"]
[PlyCount "76"]
[EventDate "2020.??.??"]

1. e4 c5 2. Nf3 Nc6 3. d4 cxd4 4. Nxd4 Nf6 5. Nc3 d6 6. Bc4 g6 7. Bg5 Bg7 8.
O-O h6 9. Bh4 O-O 10. h3 Nxe4 11. Nxc6 Nxc3 12. bxc3 bxc6 13. Re1 g5 14. Bg3
Bxc3 15. Rxe7 Bxa1 16. Bxd6 Be6 17. Rxe6 fxe6 18. Bxe6+ Rf7 19. Bxf7+ Kxf7 20.
Qh5+ Kg7 21. Bg3 Qe8 22. Qf3 Be5 23. Qxc6 Qxc6 24. Bxe5+ Kg6 25. f4 gxf4 26.
Bxf4 Qxc2 27. a3 Rd8 28. Kh2 Rd4 29. Be3 Rd2 30. Bxd2 Qxd2 31. h4 Kf5 32. Kh3
h5 33. g3 Qf2 34. a4 Qf1+ 35. Kh2 Kg4 36. a5 Qf2+ 37. Kh1 Kh3 38. a6 Qg2# {
CavillotDelest est échec et mat} 0-1

[Event "Champ FRA - Under 12"]
[Site "Europe Echecs"]
[Date "2020.07.08"]
[Round "1"]
[White "LambertHoareau"]
[Black "GourarMariem"]
[Result "1/2-1/2"]
[WhiteElo "1348"]
[BlackElo "1062"]
[PlyCount "191"]
[EventDate "2020.??.??"]

1. e3 e5 2. d4 e4 3. c4 Nf6 4. Nc3 Nc6 5. Bd2 Bb4 6. a3 Ba5 7. b4 Bb6 8. c5
Bxc5 9. dxc5 O-O 10. Bc4 d6 11. Nge2 dxc5 12. bxc5 Bg4 13. h3 Bf5 14. O-O Qe7
15. Ng3 Be6 16. Qb3 Na5 17. Qb4 Nxc4 18. Ncxe4 a5 19. Qc3 Nxe4 20. Nxe4 Nxd2
21. Nxd2 Qg5 22. Nf3 Qg6 23. Kh2 Rad8 24. Rad1 Rde8 25. Qb2 b6 26. cxb6 c6 27.
b7 Bc4 28. Rfe1 Rb8 29. Ne5 Qe6 30. Nxc4 Qxc4 31. Rc1 Qe4 32. f3 Qe6 33. f4
Rfe8 34. Qd2 Rxb7 35. Rb1 Rbe7 36. Rbd1 Qf6 37. Qd8 Qg6 38. Qd2 Re6 39. g4 R6e7
40. Qd8 f6 41. Qd2 Qf7 42. Qf2 Qe6 43. Rd2 Qe4 44. Rde2 Qa4 45. Ra2 Qe4 46.
Rae2 Qe6 47. Qg2 c5 48. Qf3 f5 49. gxf5 Qxf5 50. e4 Qf6 51. f5 Qf7 52. e5 Qf8
53. e6 Rc7 54. Qg4 g6 55. fxg6 hxg6 56. Qxg6+ Qg7 57. Qxg7+ Kxg7 58. Rg2+ Kf8
59. Rf1+ Ke7 60. Re1 Rh8 61. Rg7+ Kd8 62. Rxc7 Kxc7 63. e7 Re8 64. Kg3 c4 65.
h4 c3 66. Rc1 Rg8+ 67. Kf4 Re8 68. Rxc3+ Kd7 69. Re3 Rxe7 70. Rxe7+ Kxe7 71.
Kf5 Kf8 72. Kg6 Kg8 73. h5 Kh8 74. Kh6 Kg8 75. Kg6 Kh8 76. Kf5 Kh7 77. Ke5 Kh6
78. Kd5 Kxh5 79. Kc5 a4 80. Kb5 Kg6 81. Kxa4 Kf6 82. Kb5 Ke6 83. a4 Kd7 84. Kb6
Kc8 85. a5 Kb8 86. a6 Ka8 87. Kb5 Ka7 88. Ka5 Ka8 89. Kb6 Kb8 90. Kc6 Ka7 91.
Kb5 Ka8 92. Kb6 Kb8 93. Ka5 Ka7 94. Kb5 Ka8 95. Kc6 Ka7 96. Kb5 {Nulle par
répétition} 1/2-1/2

[Event "Champ FRA - Under 12"]
[Site "Europe Echecs"]
[Date "2020.07.08"]
[Round "1"]
[White "AlsaiedZeina"]
[Black "SchutzBastien"]
[Result "0-1"]
[WhiteElo "1061"]
[BlackElo "1343"]
[PlyCount "90"]
[EventDate "2020.??.??"]

1. e4 d5 2. e5 Bf5 3. Nf3 Nc6 4. Bb5 e6 5. d4 Nge7 6. Bg5 h6 7. Be3 a6 8. Bd3
Qd7 9. Nc3 Bh7 10. O-O O-O-O 11. a3 Bxd3 12. Qxd3 Nf5 13. b4 Be7 14. Na4 b5 15.
Nc5 Bxc5 16. dxc5 g5 17. h3 d4 18. Bd2 Qd5 19. Rfe1 Nfe7 20. c3 Ng6 21. Rad1
Ncxe5 22. Nxe5 Nxe5 23. Qe2 Nc6 24. cxd4 Nxd4 25. Qe3 Nf5 26. Qe2 Nd4 27. Qe3
Nc2 28. Qe2 Nxe1 29. Qxe1 Qc6 30. f3 Rd7 31. Kh2 Rhd8 32. Qe2 Qd5 33. g3 Qd3
34. Qg2 Qc2 35. Kg1 Rxd2 36. Rxd2 Rxd2 37. Qxd2 Qxd2 38. Kf1 Kd7 39. Kg1 Kc6
40. Kf1 Kd5 41. Kg1 Kc4 42. Kf1 Kd3 43. Kg1 Ke3 44. Kh1 Kxf3 45. Kg1 Qg2# {
AlsaiedZeina est échec et mat} 0-1

[Event "Champ FRA - Under 12"]
[Site "Europe Echecs"]
[Date "2020.07.08"]
[Round "1"]
[White "RosuAndrei"]
[Black "LamandeBaventR"]
[Result "1-0"]
[WhiteElo "1342"]
[BlackElo "1060"]
[PlyCount "85"]
[EventDate "2020.??.??"]

1. e4 e6 2. d4 d5 3. e5 Nc6 4. Nf3 f6 5. exf6 gxf6 6. c3 f5 7. Bf4 Nf6 8. Nbd2
Be7 9. Bb5 Bd7 10. O-O a6 11. Ba4 b5 12. Bc2 Qc8 13. Re1 Qb7 14. Ne5 O-O-O 15.
Nf7 Rhf8 16. Nxd8 Rxd8 17. Nf3 Qb6 18. Ne5 Nxe5 19. Bxe5 Ng8 20. Re3 Bd6 21.
Bxd6 Qxd6 22. Qf3 Nf6 23. Rae1 Re8 24. a3 Kb8 25. b4 c6 26. Re5 Re7 27. Qg3 Ne4
28. Bxe4 dxe4 29. Qg8+ Kc7 30. Qa8 Kb6 31. Qd8+ Kb7 32. Qg8 Re8 33. Qxh7 Re7
34. Qg8 Re8 35. Qg3 Kb6 36. Rc5 Kb7 37. Qxd6 Ka7 38. Qxd7+ Ka8 39. Qxe8+ Kb7
40. Re3 Kc7 41. Rg3 Kd6 42. Rg7 e5 43. Qd7# {LamandeBaventR est échec et mat}
1-0

[Event "Champ FRA - Under 12"]
[Site "Europe Echecs"]
[Date "2020.07.08"]
[Round "1"]
[White "SamorukovEgor"]
[Black "BiardNoah"]
[Result "0-1"]
[WhiteElo "1060"]
[BlackElo "1339"]
[PlyCount "64"]
[EventDate "2020.??.??"]

1. e4 c5 2. Nf3 d6 3. d4 cxd4 4. Nxd4 Nf6 5. Nc3 g6 6. Bd3 Bg7 7. Bg5 O-O 8.
O-O Nc6 9. Nf3 Bg4 10. h3 Bxf3 11. Qxf3 Nd4 12. Qe3 Nc6 13. Nd5 Nxd5 14. exd5
Ne5 15. f4 f6 16. fxe5 fxg5 17. e6 Bxb2 18. Rab1 Rxf1+ 19. Rxf1 Bf6 20. h4 Qb6
21. Rf3 Bd4 22. Kf2 Bxe3+ 23. Rxe3 Rf8+ 24. Ke2 gxh4 25. a4 Qb4 26. Re4 Qb6 27.
Rxh4 Qf2+ 28. Kd1 Qxh4 29. Be2 Qd4+ 30. Ke1 Qe3 31. Kd1 Rf2 32. Bc4 Qd2# {
SamorukovEgor est échec et mat} 0-1

[Event "Champ FRA - Under 12"]
[Site "Europe Echecs"]
[Date "2020.07.08"]
[Round "1"]
[White "LorhoJade"]
[Black "CadilhacSeffinL"]
[Result "1-0"]
[WhiteElo "1335"]
[BlackElo "1058"]
[PlyCount "35"]
[EventDate "2020.??.??"]

1. e4 e5 2. Nf3 Nc6 3. Bc4 Bc5 4. d3 Nf6 5. Nc3 O-O 6. a3 d6 7. Bg5 Bg4 8. Nd5
Nd4 9. h3 Bh5 10. g4 Bg6 11. Nxf6+ gxf6 12. Bh6 Re8 13. h4 Qd7 14. Nxd4 Bxd4
15. c3 Bb6 16. h5 Qc6 17. hxg6 Qc5 18. Bxf7+ {CadilhacSeffinL a perdu au temps}
1-0

[Event "Champ FRA - Under 12"]
[Site "Europe Echecs"]
[Date "2020.07.08"]
[Round "1"]
[White "KurenkovAnton"]
[Black "GuertonDimitri"]
[Result "0-1"]
[WhiteElo "1056"]
[BlackElo "1334"]
[PlyCount "74"]
[EventDate "2020.??.??"]

1. e4 c6 2. Nc3 d5 3. d4 dxe4 4. Nxe4 Nd7 5. Bc4 Ngf6 6. Ng5 e6 7. N1f3 h6 8.
Nh3 Bd6 9. Bf4 Bxf4 10. Nxf4 O-O 11. Kd2 Qc7 12. g3 e5 13. dxe5 Nxe5 14. Kc3
Bg4 15. Be2 Ne4+ 16. Kb3 Nxf2 17. Qg1 Nxh1 18. Qxh1 Qb6+ 19. Kc3 Nxf3 20. Bxf3
Qe3+ 21. Nd3 Bxf3 22. Qf1 Rad8 23. Re1 Qd4+ 24. Kb3 Bd5+ 25. Ka3 Qb6 26. b4
Qa6+ 27. Kb2 Qxa2+ 28. Kc1 Qa3+ 29. Kd2 Bc4 30. Re3 Qxb4+ 31. Kc1 Bxd3 32. cxd3
Qc3+ 33. Kb1 Rd5 34. Qc1 Rb5+ 35. Ka2 Qb3+ 36. Ka1 Ra5+ 37. Qa3 Rxa3# {
KurenkovAnton est échec et mat} 0-1

[Event "Champ FRA - Under 12"]
[Site "Europe Echecs"]
[Date "2020.07.08"]
[Round "1"]
[White "DaoAntoine"]
[Black "GrallKewan"]
[Result "1/2-1/2"]
[WhiteElo "1330"]
[BlackElo "1054"]
[PlyCount "119"]
[EventDate "2020.??.??"]

1. e4 e5 2. Nf3 Nc6 3. Bc4 Bc5 4. Nc3 Nf6 5. d3 O-O 6. Bg5 h6 7. Bh4 d6 8. Nd5
g5 9. Nxg5 Bg4 10. f3 hxg5 11. Bxg5 Bh5 12. Nxf6+ Kh8 13. Qd2 Bb4 14. c3 Bc5
15. Nxh5 f6 16. Bh4 Kh7 17. Be6 Qe7 18. Bf5+ Kg8 19. Nxf6+ Rxf6 20. Qg5+ Kf7
21. Qh5+ Kg8 22. Bxf6 Qxf6 23. Qh7+ Kf8 24. Qg6 Qxg6 25. Bxg6 Kg7 26. Bf5 Rg8
27. Kd2 Kf6 28. g4 Kg5 29. h4+ Kf4 30. Ke2 Kg3 31. Rag1+ Bxg1 32. Rxg1+ Kxh4
33. Bd7 Ne7 34. Kf2 Ng6 35. Rh1+ Kg5 36. Ke3 Nf4 37. Bf5 Ng2+ 38. Kf2 Nf4 39.
d4 Nd3+ 40. Ke3 Nxb2 41. dxe5 dxe5 42. Rh5+ Kf6 43. Rh7 Rg7 44. Rh8 Nd1+ 45.
Kd2 Nb2 46. Rb8 b6 47. Rf8+ Ke7 48. Rh8 Nc4+ 49. Kd3 Nb2+ 50. Ke2 a5 51. Rc8
Kf6 52. Rf8+ Ke7 53. Rc8 Kf6 54. Rh8 Nc4 55. Rh7 Nd6 56. Rh6+ Kf7 57. Rh5 Kf6
58. Rh6+ Kf7 59. Rh3 Kf6 60. Rh6+ {Nulle par répétition} 1/2-1/2

[Event "Champ FRA - Under 12"]
[Site "Europe Echecs"]
[Date "2020.07.08"]
[Round "1"]
[White "EbelePierre"]
[Black "ReymannNathan"]
[Result "0-1"]
[WhiteElo "1053"]
[BlackElo "1330"]
[PlyCount "96"]
[EventDate "2020.??.??"]

1. e4 e5 2. Nf3 Nc6 3. d4 exd4 4. Nxd4 Qf6 5. Be3 Bc5 6. c3 Nge7 7. g3 Ne5 8.
Bg2 d6 9. O-O Nc4 10. Nd2 Nxd2 11. Qxd2 O-O 12. Rfe1 Ng6 13. b4 Bb6 14. a4 a6
15. a5 Ba7 16. Nb3 Bxe3 17. Qxe3 Ne5 18. f4 Ng4 19. Qf3 Qh6 20. h3 Nf6 21. e5
dxe5 22. fxe5 Nd7 23. Rad1 Re8 24. Qd5 Qg5 25. e6 Qxd5 26. Bxd5 fxe6 27. Bxe6+
Kh8 28. Bxd7 Rxe1+ 29. Rxe1 Bxd7 30. Nc5 Bxh3 31. Nxb7 Rf8 32. Kh2 Bc8 33. Nc5
h6 34. Ne6 Re8 35. Rd1 Bxe6 36. Rd7 Bxd7 37. c4 Re4 38. b5 axb5 39. cxb5 Bxb5
40. a6 Bxa6 41. Kh3 c5 42. g4 c4 43. Kh4 c3 44. Kh5 c2 45. g5 c1=Q 46. Kg6
Qxg5+ 47. Kf7 Re7+ 48. Kf8 Qf6# {EbelePierre est échec et mat} 0-1

[Event "Champ FRA - Under 12"]
[Site "Europe Echecs"]
[Date "2020.07.08"]
[Round "1"]
[White "TournabienPaul"]
[Black "CaullychurnAmb"]
[Result "0-1"]
[WhiteElo "1330"]
[BlackElo "1051"]
[PlyCount "48"]
[EventDate "2020.??.??"]

1. e4 e5 2. Nf3 Nc6 3. Nc3 Bc5 4. Bc4 d6 5. O-O Bg4 6. h3 Bh5 7. d3 Nf6 8. Qe1
Bxf3 9. gxf3 h6 10. b3 Nd4 11. Qd1 c6 12. Be3 b5 13. Bxd4 exd4 14. Bxb5 cxb5
15. Nxb5 Qb6 16. a4 a6 17. a5 Qxb5 18. c4 Qd7 19. Qb1 O-O 20. b4 Rab8 21. Qe1
Bxb4 22. Qd1 Qxh3 23. Qe2 Nh5 24. f4 Nxf4 {TournabienPaul a abandonné} 0-1

[Event "Champ FRA - Under 12"]
[Site "Europe Echecs"]
[Date "2020.07.08"]
[Round "1"]
[White "DeMouraChloe"]
[Black "LedouxHugo"]
[Result "0-1"]
[WhiteElo "1049"]
[BlackElo "1322"]
[PlyCount "46"]
[EventDate "2020.??.??"]

1. e4 d5 2. exd5 Nf6 3. Nc3 c6 4. dxc6 Nxc6 5. Bb5 Qc7 6. Nf3 Bg4 7. O-O e6 8.
d3 Bd6 9. g3 O-O-O 10. Be3 Bb4 11. Bf4 e5 12. Bxe5 Nxe5 13. Qc1 Nxf3+ 14. Kh1
Kb8 15. a3 Ba5 16. b4 Bb6 17. Ne4 Nxe4 18. dxe4 Qe5 19. Bd3 h5 20. a4 h4 21.
Kg2 Ng5 22. Kh1 Bf3+ 23. Kg1 Nh3# {DeMouraChloe est échec et mat} 0-1

[Event "Champ FRA - Under 12"]
[Site "Europe Echecs"]
[Date "2020.07.08"]
[Round "1"]
[White "PoulainEmilien"]
[Black "ClaveriePaul"]
[Result "1-0"]
[WhiteElo "1322"]
[BlackElo "1041"]
[PlyCount "79"]
[EventDate "2020.??.??"]

1. d4 d5 2. Nf3 Nc6 3. e3 Bf5 4. c4 e6 5. Bd3 Bxd3 6. Qxd3 Qd6 7. cxd5 exd5 8.
O-O Nf6 9. Nc3 Be7 10. b3 a6 11. Bb2 O-O 12. a3 Ng4 13. h3 Nf6 14. Rac1 b6 15.
Ne2 Na7 16. Qxa6 Nc8 17. Qd3 Ne4 18. Nc3 Nxc3 19. Rxc3 c5 20. Rd1 cxd4 21. Nxd4
Bf6 22. Rdc1 Ne7 23. R3c2 h6 24. Nb5 Qe6 25. Nc7 Qd7 26. Nxa8 Rxa8 27. Bxf6
gxf6 28. Rc7 Qd8 29. Qc3 Qd6 30. Qb4 Qxb4 31. axb4 Re8 32. Rb7 d4 33. exd4 Nd5
34. Rd7 Nxb4 35. Rcc7 Re1+ 36. Kh2 Rb1 37. Rxf7 Rxb3 38. Rg7+ Kf8 39. Rh7 Nd5
40. Rh8# {ClaveriePaul est échec et mat} 1-0

[Event "Champ FRA - Under 12"]
[Site "Europe Echecs"]
[Date "2020.07.08"]
[Round "1"]
[White "GadoisClaire"]
[Black "ParalieuEmma"]
[Result "0-1"]
[WhiteElo "1040"]
[BlackElo "1312"]
[PlyCount "64"]
[EventDate "2020.??.??"]

1. e4 e5 2. Nf3 Nc6 3. d4 exd4 4. Nxd4 Bc5 5. Be3 Qf6 6. Nc3 Bxd4 7. Bxd4 Nxd4
8. Nd5 Qc6 9. Qxd4 f6 10. Bd3 Nh6 11. O-O d6 12. Qc4 Qxc4 13. Bxc4 Kd7 14. Rad1
b6 15. Rd3 Bb7 16. Rg3 Rhg8 17. Re1 Raf8 18. Nf4 Nf7 19. Be6+ Kd8 20. Bh3 Re8
21. f3 Bc8 22. Bxc8 Kxc8 23. c4 Ne5 24. b3 g6 25. Nd5 Rgf8 26. Nc3 Kd7 27. b4
c6 28. a4 Nxc4 29. h3 Ne5 30. Rd1 Re6 31. Re1 Nd3 32. Rd1 Nxb4 {GadoisClaire a
perdu au temps} 0-1

[Event "Champ FRA - Under 12"]
[Site "Europe Echecs"]
[Date "2020.07.08"]
[Round "1"]
[White "SanguinettiEdo"]
[Black "BouvierMenardB"]
[Result "1-0"]
[WhiteElo "1312"]
[BlackElo "1034"]
[PlyCount "52"]
[EventDate "2020.??.??"]

1. c4 e5 2. g3 Nc6 3. Bg2 Nf6 4. Nc3 Bc5 5. Nf3 d6 6. O-O Be6 7. d3 Qd7 8. a3
O-O 9. Qc2 Rad8 10. Na4 Bb6 11. b4 a6 12. Bb2 Nd4 13. Nxb6 Nxc2 14. Nxd7 Rxd7
15. Rac1 Nd4 16. Nxd4 exd4 17. Bxd4 Re8 18. Bxb7 d5 19. Bc6 Rd6 20. Bxe8 Nxe8
21. Be5 Rb6 22. cxd5 Bxd5 23. Bxc7 Re6 24. Rfe1 h6 25. Bf4 Nf6 26. Rc5 Rd6 {
BouvierMenardB a abandonné} 1-0

[Event "Champ FRA - Under 12"]
[Site "Europe Echecs"]
[Date "2020.07.08"]
[Round "1"]
[White "MullerLouisEti"]
[Black "RakotomamonjyL"]
[Result "0-1"]
[WhiteElo "1030"]
[BlackElo "1310"]
[PlyCount "36"]
[EventDate "2020.??.??"]

1. e4 e5 2. Nf3 Nc6 3. Bc4 Nf6 4. Nc3 Nxe4 5. Nxe4 d5 6. Bb3 dxe4 7. Ng1 Bc5 8.
Nh3 Bxh3 9. gxh3 Qh4 10. Rf1 O-O-O 11. d3 exd3 12. cxd3 Qxh3 13. Kd2 Rxd3+ 14.
Ke2 Nd4+ 15. Ke1 Rxd1+ 16. Kxd1 Qxf1+ 17. Kd2 Qxf2+ 18. Kd1 Qe2# {
MullerLouisEti est échec et mat} 0-1

[Event "Champ FRA - Under 12"]
[Site "Europe Echecs"]
[Date "2020.07.08"]
[Round "1"]
[White "LarioumlilWass"]
[Black "KarushkovNguye"]
[Result "0-1"]
[WhiteElo "1295"]
[BlackElo "1013"]
[PlyCount "120"]
[EventDate "2020.??.??"]

1. e4 c5 2. Nf3 d6 3. d4 cxd4 4. Nxd4 Nf6 5. Nc3 g6 6. Be3 Bg7 7. Be2 O-O 8.
Qd2 Nc6 9. Nxc6 bxc6 10. O-O Bd7 11. Bh6 Rb8 12. b3 Qa5 13. Bxg7 Kxg7 14. a4
Qe5 15. Bf3 Bg4 16. Bxg4 Nxg4 17. g3 Qh5 18. h4 Qe5 19. Qf4 Qxf4 20. gxf4 Rb4
21. f3 Nf6 22. Rfe1 Nh5 23. Ne2 f5 24. Kg2 fxe4 25. fxe4 Rxe4 26. Ng3 Nxg3 27.
Kxg3 Rfxf4 28. Rxe4 Rxe4 29. Rf1 Re5 30. Rf4 a5 31. b4 axb4 32. Rxb4 Ra5 33.
Kf3 Kf6 34. Ke3 c5 35. Rc4 Ke5 36. Kd3 d5 37. Rg4 e6 38. Kc3 Kf5 39. Rg5+ Kf6
40. Kb3 h6 41. Rg4 Kf5 42. Rg1 g5 43. hxg5 hxg5 44. Rc1 g4 45. c4 d4 46. Ra1 g3
47. Kc2 Kg4 48. Kd2 e5 49. Ke2 e4 50. Kf1 d3 51. Kg2 e3 52. Ra3 d2 53. Rd3 e2
54. Rxg3+ Kf4 55. Rg8 e1=Q 56. Rf8+ Kg5 57. Rg8+ Kf6 58. Rf8+ Kg7 59. Rf3 d1=Q
60. Rg3+ Kf6 {LarioumlilWass a abandonné} 0-1

[Event "Champ FRA - Under 12"]
[Site "Europe Echecs"]
[Date "2020.07.08"]
[Round "1"]
[White "LamorelleAlexe"]
[Black "FlagielloFranc"]
[Result "0-1"]
[WhiteElo "1009"]
[BlackElo "1293"]
[PlyCount "116"]
[EventDate "2020.??.??"]

1. e4 e5 2. Nf3 Nc6 3. Nc3 Nf6 4. Bb5 d6 5. d3 a6 6. Ba4 Be7 7. Be3 Ng4 8. h3
Nxe3 9. fxe3 Bh4+ 10. Nxh4 Qxh4+ 11. Kf1 Be6 12. Kg1 Qg3 13. Qf3 Qg6 14. Kh2 b5
15. Bb3 O-O 16. Rhf1 Na5 17. Bd5 c6 18. Bxe6 fxe6 19. Qe2 d5 20. exd5 exd5 21.
d4 e4 22. Rxf8+ Rxf8 23. Rf1 Qd6+ 24. Kh1 Rxf1+ 25. Qxf1 Nc4 26. b3 Nxe3 27.
Qf2 Qh6 28. a3 Ng4 29. Qe2 Qc1+ 30. Nd1 Qxd1+ 31. Qxd1 Nf2+ 32. Kh2 Nxd1 33.
Kg3 Kf7 34. Kf4 e3 35. Kf3 Ke6 36. Ke2 Nc3+ 37. Kxe3 Kf5 38. Kf3 h5 39. g4+
hxg4+ 40. hxg4+ Kg5 41. Kg3 Ne2+ 42. Kf3 Nxd4+ 43. Ke3 Nxc2+ 44. Kd3 Nxa3 45.
Kd4 Kxg4 46. Kc5 Kf3 47. Kxc6 g5 48. Kxd5 g4 49. Kd4 g3 50. Ke5 g2 51. Kf6 a5
52. Kg7 a4 53. bxa4 bxa4 54. Kh8 g1=Q 55. Kh7 Kf4 56. Kh8 Kf5 57. Kh7 Kf6 58.
Kh8 Qg7# {LamorelleAlexe est échec et mat} 0-1

[Event "Champ FRA - Under 12"]
[Site "Europe Echecs"]
[Date "2020.07.08"]
[Round "1"]
[White "LeroySerge"]
[Black "KerjeanLohan"]
[Result "1-0"]
[WhiteElo "1291"]
[BlackElo "1008"]
[PlyCount "73"]
[EventDate "2020.??.??"]

1. d4 d5 2. c4 Nf6 3. cxd5 Nxd5 4. e4 Nf6 5. Nc3 Nc6 6. Be3 e6 7. Nf3 Bd6 8.
Be2 Bd7 9. e5 Be7 10. exf6 Bxf6 11. O-O Qe7 12. Rc1 e5 13. Nd5 Qd6 14. Nxf6+
Qxf6 15. dxe5 Nxe5 16. Rxc7 Nxf3+ 17. Bxf3 O-O 18. Rxd7 Qxb2 19. Qd2 Qe5 20.
Rd1 Qf6 21. Rd6 Qe7 22. Rd7 Qf6 23. Qd4 Qxd4 24. Bxd4 Rfd8 25. Be3 g6 26. Bxb7
Rab8 27. Rxd8+ Rxd8 28. Rxd8+ Kg7 29. Bd4+ Kh6 30. f4 g5 31. Be5 Kg6 32. Be4+
Kh5 33. Rg8 g4 34. h3 f5 35. Bxf5 gxh3 36. Rg5+ Kh6 37. Bg7# {KerjeanLohan est
échec et mat} 1-0

[Event "Champ FRA - Under 12"]
[Site "Europe Echecs"]
[Date "2020.07.08"]
[Round "1"]
[White "TurcuLaura"]
[Black "ColinPenelope"]
[Result "1/2-1/2"]
[WhiteElo "1006"]
[BlackElo "1290"]
[PlyCount "103"]
[EventDate "2020.??.??"]

1. e4 e5 2. Nf3 Nc6 3. Bc4 Bc5 4. d3 Nf6 5. O-O d6 6. c3 O-O 7. Bg5 h6 8. Bh4
a6 9. Nbd2 b5 10. Bd5 Bb7 11. b4 Bb6 12. Qb3 a5 13. a4 Rb8 14. axb5 Ne7 15.
Bxb7 Rxb7 16. bxa5 Bc5 17. a6 Ra7 18. Bxf6 gxf6 19. d4 Bb6 20. d5 Ng6 21. Nc4
Qd7 22. Nxb6 cxb6 23. Nh4 Nxh4 24. c4 Qg4 25. g3 Nf3+ 26. Kh1 Nd2 27. Qd1 Qxe4+
28. f3 Qd4 29. Re1 Nxc4 30. Qe2 Qxd5 31. Reb1 f5 32. Ra4 Nd2 33. Rba1 Nxf3 34.
Qf2 Ng5+ 35. Qg2 Qxb5 36. g4 f4 37. h4 Ne6 38. g5 hxg5 39. hxg5 Kh7 40. Qh3+
Kg8 41. Qh6 Qd5+ 42. Kg1 f3 43. Kf2 Nd4 44. g6 fxg6 45. Qxg6+ Kh8 46. Qh6+ Rh7
47. Qxf8+ Qg8 48. Qf6+ Rg7 49. Qh6+ Rh7 50. Qf6+ Qg7 51. Qd8+ Qg8 52. Qf6+ {
Nulle par répétition} 1/2-1/2

[Event "Champ FRA - Under 12"]
[Site "Europe Echecs"]
[Date "2020.07.08"]
[Round "1"]
[White "PresentLadisla"]
[Black "GreisslerRapha"]
[Result "0-1"]
[WhiteElo "1000"]
[BlackElo "1285"]
[PlyCount "34"]
[EventDate "2020.??.??"]

1. e4 c5 2. Nf3 Nc6 3. Nc3 d6 4. d4 cxd4 5. Nxd4 Nf6 6. Be3 Ng4 7. h3 Nxe3 8.
fxe3 e6 9. Qd2 Be7 10. O-O-O O-O 11. Be2 Qc7 12. g4 a6 13. b3 b5 14. Nb1 Bb7
15. c3 b4 16. cxb4 Nxd4+ 17. Qc2 Qxc2# {PresentLadisla est échec et mat} 0-1

[Event "Champ FRA - Under 12"]
[Site "Europe Echecs"]
[Date "2020.07.08"]
[Round "1"]
[White "LayadiNoha"]
[Black "BernardiAlexan"]
[Result "0-1"]
[WhiteElo "1280"]
[BlackElo "999"]
[PlyCount "58"]
[EventDate "2020.??.??"]

1. e4 e5 2. Nf3 d6 3. Bc4 Nf6 4. d3 Be7 5. c3 Nc6 6. Be3 Be6 7. Bb3 a6 8. h3 d5
9. Nbd2 dxe4 10. dxe4 h6 11. O-O O-O 12. Qe2 Qd7 13. Rad1 Na5 14. Nc4 Qb5 15.
Nfd2 Rfd8 16. a4 Rxd2 17. Rxd2 Qxb3 18. Nxa5 Qxa4 19. Nxb7 Bc4 20. Qd1 Qc6 21.
Re1 Qxb7 22. b3 Qxb3 23. Qc1 Nxe4 24. Rd7 Bg5 25. Rxc7 Bxe3 26. Rxe3 f5 27. f3
Ng5 28. Rxe5 Qb6+ 29. Rec5 Ne6 {LayadiNoha a perdu au temps} 0-1

[Event "Champ FRA - Under 12"]
[Site "Europe Echecs"]
[Date "2020.07.08"]
[Round "1"]
[White "BonnayTramoniB"]
[Black "PolaertClarenc"]
[Result "0-1"]
[WhiteElo "999"]
[BlackElo "1280"]
[PlyCount "62"]
[EventDate "2020.??.??"]

1. e4 e6 2. Nf3 d5 3. e5 c5 4. Bb5+ Bd7 5. Bxd7+ Qxd7 6. d4 Nc6 7. Be3 b6 8.
Nc3 f6 9. Qd2 Be7 10. O-O O-O-O 11. h3 cxd4 12. Bxd4 fxe5 13. Nxe5 Nxe5 14.
Bxe5 Nf6 15. Rfd1 Rhf8 16. Qe2 Bc5 17. Bd4 Qc6 18. a3 Rfe8 19. b4 Bxd4 20. Rxd4
Qxc3 21. Rd3 Qxa1+ 22. Rd1 Qxa3 23. Qe1 e5 24. Rd3 Qa6 25. b5 Qb7 26. Kh1 e4
27. Re3 d4 28. Rg3 Nh5 29. Ra3 Nf4 30. g3 e3+ 31. Kg1 Qg2# {BonnayTramoniB est
échec et mat} 0-1

[Event "Champ FRA - Under 12"]
[Site "Europe Echecs"]
[Date "2020.07.08"]
[Round "1"]
[White "MartoianSeda"]
[Black "ButzbachGael"]
[Result "1-0"]
[WhiteElo "1278"]
[BlackElo "999"]
[PlyCount "57"]
[EventDate "2020.??.??"]

1. e4 e5 2. Nf3 Nc6 3. Bb5 Bc5 4. O-O Nf6 5. Re1 O-O 6. c3 d6 7. h3 Nh5 8. d4
exd4 9. cxd4 Bb4 10. Bd2 Bxd2 11. Qxd2 Qf6 12. Nc3 Bd7 13. d5 Nb8 14. Rac1 a6
15. Ba4 b5 16. Bb3 Re8 17. a3 a5 18. Na2 b4 19. axb4 axb4 20. Nxb4 Na6 21. Nxa6
Rxa6 22. Rxc7 Ba4 23. Bxa4 Rxa4 24. Qd3 Ra2 25. b4 Rea8 26. Rc2 R2a3 27. Qxa3
Rxa3 28. Rc8+ Qd8 29. Rxd8# {ButzbachGael est échec et mat} 1-0